MARC

LEADER 00000nas a2200000 4500
001 ssj0003745
003 WaSeSS
005 20200512172242.0
006 m d
007 cr n
008 800625d19792002cc mr p s 0 a0eng c
010 |a  80645868  
015 |a 01254714X  |2 dnb 
016 7 |a 01254714X  |2 DE-101 
016 7 |a 443533-3  |2 DE-600 
022 |l 0254-3729  |y 0254-3729 
032 |a 013259  |b USPS 
035 |a (WaSeSS)ssj0003745 
040 |a COO  |b eng  |c COO  |d DLC  |d NST  |d AIP  |d IUL  |d NST  |d NSD  |d MYG  |d NST  |d DLC  |d NSD  |d HNK  |d IUL  |d OCLCQ  |d DEBBG  |d GBVCP  |d OCLCQ  |d OCLCO  |d OCLCQ  |d OCLCF  |d OCLCO  |d LIP  |d OCLCO  |d OCLCA  |d L2U  |d OCLCO  |d CPO  |d OCLCO  |d BUF  |d OCLCO  |d WaSeSS 
042 |a pcc  |a nsdp 
043 |a a------ 
050 0 0 |a HF3751  |b .A74 
082 0 4 |a 650/.095 
210 0 |a Asian bus. 
222 0 |a Asian business 
245 0 0 |a Asian business  |h [electronic resource]. 
260 |a [Hong Kong],  |b [Far East Trade Press] 
310 |a Monthly 
362 0 |a v. 15, no. 6 (June 1979)-v. 38, no. 4 (Apr. 2002). 
500 |a Publisher: TPL Corp. (HK) Ltd., 1999-Aug. 2001; Times Pub. (HK) Ltd., Sept. 2001- 
506 |a License restrictions may limit access. 
650 7 |a 83.99 economics: other.  |0 (NL-LeOCL)077607430  |2 bcl 
650 7 |a Commerce.  |2 fast  |0 (OCoLC)fst00869279 
650 7 |a Wirtschaft  |2 gnd 
650 7 |a Zeitschrift  |2 gnd 
650 7 |a Wirtschaftszeitschrift.  |2 stw 
650 7 |a Hongkong.  |2 stw 
650 7 |a Wirtschaft.  |2 swd 
650 7 |a Zeitschrift.  |2 swd 
651 0 |a Asia  |x Commerce  |v Periodicals. 
651 7 |a Asia.  |2 fast  |0 (OCoLC)fst01240495 
651 7 |a Asien  |2 gnd 
655 0 |a Electronic journals. 
776 0 8 |i Microfilm version:  |t Asian business  |x 0254-3729  |w (OCoLC)21588229 
780 0 0 |t Asian business & industry  |x 1013-9958  |w (DLC) 73644996  |w (OCoLC)1787761 
850 |a CLSU  |a CStclU  |a CU-Riv  |a DGW  |a DLC  |a ICarbS  |a InLP  |a InU  |a KPT  |a MCM  |a NIC  |a NN  |a NNC  |a PU  |a PU-W 
856 4 0 |z Full text available from Research Library: 11/01/1987 to 04/30/2002  |u https://search.proquest.com/publication/36056